00693nam a2200229 a 4500001001300000003000900013005001700022008004100039020001000080082001300090100002500103245008000128260005900208300000900267500003500276505001000311650001900321902000800340942000700348952009300355999001500448nice12345678IN_TiNIC20260116011915.0050524s1952 illa grp 000 0 eng  ac10000a270bMAK aMakrakis, Appostolos aScriptural Refutation of the Pope`s Primacy and Miscellaneous Studies & Spe aIllinoisbOrthodos Christian Educational Societyc1952 a175p aincludes index and biblioraphy2 aIndex aPapacy-History bSRS cBK 00104070aHMIbHMId2007-07-17g100.00l0o270 MAKp08443r2007-07-17w2026-01-16yEB c4856d4856